| 000 | 02450nam a22002537a 4500 | ||
|---|---|---|---|
| 003 | MX-MxUPN | ||
| 005 | 20240624153451.0 | ||
| 008 | 240617s2014 mx ||||gr|||| 00| 0 spa d | ||
| 020 | _a9786078413422 | ||
| 040 |
_aMX-MxUPN _bspa |
||
| 041 | _aspa | ||
| 050 | 4 |
_aH62.5 M6 _bA34 2014 |
|
| 245 | 0 | 3 | _aUn acercamiento a la investigación en ciencias sociales |
| 250 | _aPrimera edición | ||
| 260 |
_aTuxtla Gutierrez, Chiapas : _bUniversidad Autónoma de Chiapas, Facultad de Ciencias Sociales : _bPrograma Integral de Fortalecimiento Institucional, _c2014. |
||
| 300 | _a248 páginas | ||
| 504 | _aIncluye bibliografía. | ||
| 505 | 0 | 0 |
_tCapítulo I. El método científico y la investigación en Derecho / _rRoberto Martínez Coronel, Raúl Vázquez Gutiérrez e Ivett Reyes-Guillén -- _tCapítulo II.El problema de investigación en las ciencias sociales. Entre la historia y la sociología / _rXóchilt F. Poblete Naredo, Margarita de J. Guitiérrez Narvaéz y Carlos Arcos Vázquez -- _tCapítulo III. Hacia una aproximación teórico-metodológica del análisis crítico en la historia : el caso del análisis de discurso y la historia regional / _rAdrián Enrique Nakamura Hernández y Ulises Antonio Gómez Vázquez _tCapítulo IV. Los archivos : fuente para la construcción de la memoria histórica. Expectativas y realidades / _rPatria Gutiérrez Casillas y Vanessa Magaly Moreno Coello -- _tCapítulo V. Experiencias de aprendizaje : diseño de investigación en salud pública / _rJosé Luis González Torres -- _tCapítulo VI. Pasos para la integración del proyecto de tesis. La experiencia en economía UNACH / _rGustavo Raúl Zárate Vargas, María Angelina Villafuerte Franco y Juan Toledo Medina -- _tCapítulo VII. El uso del muestreo en otros campos de investigación que no sean propiamente estadísticos. El caso de una evaluación en regiones socioeconómicas de Chiapas / _rCarlomagno de Jesús Guillén Navarro y Sandra Aurora González Sánchez -- _tCapítulo VIII. Aplicación de las Tecnologías de la Información y la Comunicación (TIC) en las ciencias sociales / _rSonia Janet Pineda Morales, Luis Enrique Nájera Ortíz y José Luis Pineda Flores. |
| 650 | 4 |
_910471 _aCiencias sociales _xInvestigación _zMéxico |
|
| 650 | 4 |
_96208 _aCiencias sociales _xMetodología |
|
| 700 | 1 |
_952530 _aReyes Guillén, Flor Ivett _ecoordinación |
|
| 902 |
_aUniversidad Autónoma de Chiapas _bMaríaRobles/240624 |
||
| 942 |
_2lcc _cLIBRO _n0 |
||
| 999 |
_c211318 _d211318 |
||